MARC details
| 000 -CABECERA |
| campo de control de longitud fija |
02806nam a2200349 i 4500 |
| 003 - IDENTIFICADOR DEL NÚMERO DE CONTROL |
| campo de control |
DO-SdBNP |
| 005 - FECHA Y HORA DE LA ÚLTIMA TRANSACCIÓN |
| campo de control |
20250717151158.0 |
| 007 - CAMPO FIJO DE DESCRIPCIÓN FÍSICA--INFORMACIÓN GENERAL |
| campo de control de longitud fija |
ta |
| 008 - DATOS DE LONGITUD FIJA--INFORMACIÓN GENERAL |
| campo de control de longitud fija |
250717d2025 pr 000 f spa d |
| 020 ## - NÚMERO INTERNACIONAL ESTÁNDAR DEL LIBRO |
| Número Internacional Estándar del Libro |
9789945637670 |
| 040 ## - FUENTE DE LA CATALOGACIÓN |
| Centro catalogador/agencia de origen |
DO-SdBNP |
| Lengua de catalogación |
spa |
| Centro/agencia transcriptor |
BNPHU |
| Normas de descripción |
rda |
| 041 ## - CÓDIGO DE LENGUA |
| Código de lengua del texto/banda sonora o título independiente |
spa |
| 082 #4 - NÚMERO DE LA CLASIFICACIÓN DECIMAL DEWEY |
| Número de clasificación |
RD863.44 |
| Número de documento/Ítem |
C352in 2025 |
| Número de edición |
22 |
| 100 1# - ENTRADA PRINCIPAL--NOMBRE DE PERSONA |
| Nombre de persona |
Castillo, Efraím, |
| Fechas asociadas al nombre |
1940- |
| 9 (RLIN) |
28022 |
| Término indicativo de función/relación |
autor |
| Código de función/relación |
aut. |
| 245 10 - MENCIÓN DE TÍTULO |
| Título |
Inti huaman ó Eva Again : |
| Resto del título |
[edición bilingüe] / |
| Mención de responsabilidad, etc. |
Efraim Castillo ; traducción, Pedro A. García Díaz |
| 250 ## - MENCIÓN DE EDICIÓN |
| Mención de edición |
Tercera edición |
| 260 ## - PUBLICACIÓN, DISTRIBUCIÓN, ETC. |
| Lugar de publicación, distribución, etc. |
Santo Domingo : |
| Nombre del editor, distribuidor, etc. |
Taller, |
| Fecha de publicación, distribución, etc. |
1983. |
| 264 ## - PRODUCCIÓN, PUBLICACIÓN, DISTRIBUCIÓN, FABRICACIÓN Y COPYRIGHT |
| Producción, publicación, distribución, fabricación y copyright |
San Juan, Puerto Rico : |
| Nombre del de productor, editor, distribuidor, fabricante |
Editorial Isla Negra, |
| -- |
Editora Búho, |
| Fecha de producción, publicación, distribución, fabricación o copyright |
2025. |
| 300 ## - DESCRIPCIÓN FÍSICA |
| Extensión |
235 páginas ; |
| Dimensiones |
22 cm. |
| 336 ## - TIPO DE CONTENIDO |
| Término de tipo de contenido |
texto |
| Código de tipo de contenido |
txt |
| Fuente |
rdacontent |
| 337 ## - TIPO DE MEDIO |
| Nombre/término del tipo de medio |
sin mediación |
| Código del tipo de medio |
n |
| Fuente |
rdamedia |
| 338 ## - TIPO DE SOPORTE |
| Nombre/término del tipo de soporte |
volumen |
| Código del tipo de soporte |
nc |
| Fuente |
rdacarrier |
| 490 0# - MENCIÓN DE SERIE |
| Mención de serie |
La montaña de papel |
| 500 ## - NOTA GENERAL |
| Nota general |
Incluye datos biográficos del autor en la solapa de la cubierta. |
| 520 ## - SUMARIO, ETC. |
| Sumario, etc. |
La primera versión de la novela corta Inti Huamán o Eva Again es de 1969 (sometida a un certamen como cuento), en 1983 Editora Taller publica una primera edición y en 2019 Últimos Monstruos Editores publica una segunda. Esta edición de 2024, precedida de un enjundioso estudio de la Dra. María José Gutiérrez Barajas, crítica cultural y profesora Yale University, es la tercera edición y la primera bilingüe (español-inglés) de lo que constituye la primera novela de ciencia ficción de la literatura dominicana. En cada edición del texto, su autor ha introducido cambios que enriquecen los ritmos de sentidos internos de esta poderosa novela de ciencia ficción.<br/>–Dr. Eugenio García Cuevas<br/>Universidad de Puerto Rico en Bayamón<br/><br/>Efraim Castillo cuestiona la capacidad del estado para decidir quién tiene y quién no el derecho a reproducirse […] Inti Huamán asume una serie de características como son su fetichización, su capacidad de concebir en una especie de paraíso natural al que no ha llegado la tecnología, su cuerpo fértil pero carente de voz o voluntad, que la colocan entre dos figuras bíblicas, Eva y la virgen María. Inti Huamán, como ellas, es también la madre de una nueva civilización […] El autor trasciende no solamente los límites temporales y su ordenación lógica, sino también los límites insulares […] amplía su óptica para ubicar su país y su realidad en un contexto más amplio, el de América Latina, y situar el continente en un escenario global.<br/>–Dra. María José Gutiérrez Barajas<br/>Yale University |
| 590 ## - NOTA LOCAL (RLIN) |
| Nota local |
Inventariado, 2025/ YL |
| 650 #4 - PUNTO DE ACCESO ADICIONAL DE MATERIA--TÉRMINO DE MATERIA |
| Término de materia o nombre geográfico como elemento de entrada |
Novela dominicana |
| 9 (RLIN) |
223 |
| 650 #4 - PUNTO DE ACCESO ADICIONAL DE MATERIA--TÉRMINO DE MATERIA |
| Término de materia o nombre geográfico como elemento de entrada |
Literatura dominicana. |
| 9 (RLIN) |
67 |
| 700 1# - PUNTO DE ACCESO ADICIONAL--NOMBRE DE PERSONA |
| Nombre de persona |
García Díaz, Pedro A. |
| Término indicativo de función/relación |
traductor |
| Código de función/relación |
tr. |
| 9 (RLIN) |
88377 |
| 910 ## - DATOS DE OPCIÓN DEL USUARIO (OCLC) |
| Datos de opción del usuario |
YLockward/Validado. Control de calidad MFF |
| 942 ## - ELEMENTOS DE PUNTO DE ACCESO ADICIONAL (KOHA) |
| Fuente del sistema de clasificación o colocación |
Dewey Decimal Classification |
| Tipo de ítem Koha |
Libro |